Fundamentals of Management (Record no. 2333)

MARC details
000 -LEADER
fixed length control field 00388nam a22001697a 4500
005 - DATE AND TIME OF LATEST TRANSACTION
control field 20180621100443.0
008 - FIXED-LENGTH DATA ELEMENTS--GENERAL INFORMATION
fixed length control field 160601b xxu||||| |||| 00| 0 eng d
020 ## - INTERNATIONAL STANDARD BOOK NUMBER
ISBN 81-85502-56-0
041 ## - LANGUAGE CODE
Language code of text/sound track or separate title eng
082 ## - DEWEY DECIMAL CLASSIFICATION NUMBER
Item number 6706
Classification number 658
100 ## - MAIN ENTRY--AUTHOR NAME
Personal name Griffin
245 ## - TITLE STATEMENT
Title Fundamentals of Management
260 ## - PUBLICATION, DISTRIBUTION, ETC. (IMPRINT)
Name of publisher All India Publist
300 ## - PHYSICAL DESCRIPTION
Number of Pages 451
650 ## - SUBJECT ADDED ENTRY--TOPICAL TERM
Topical Term Management
942 ## - ADDED ENTRY ELEMENTS (KOHA)
Koha item type Books
Holdings
Lost status Damaged status Collection code Home library Current library Shelving location Date acquired Cost, normal purchase price Full call number Accession Number Koha item type
    Reference JRU Library   SHELF-28-J 01/06/2016 325.00 658 6706 Books
    MANAGEMENT JRU Library JRU Library SHELF-65-H 01/06/2016 325.00 658 6707 Books
    MANAGEMENT JRU Library JRU Library SHELF-65-H 01/06/2016 325.00 658 6708 Books
    MANAGEMENT JRU Library JRU Library SHELF-65-H 01/06/2016 325.00 658 6709 Books